Estadísticas para Islas A-Z

Haz click aquí para intentar la prueba.

Estadísticas generales

  • Esta prueba ha sido intentada 1.095 veces
  • La puntuación promedio es 13 de 25

Estadísticas de respuestas

PistaIsla% Correcto
CLa más grande del CaribeCuba
94%
TUn país insular codiciado por ChinaTaiwán
85%
GLa isla más grande del mundoGroenlandia
84%
AIsla prisión en la bahía de San FranciscoAlcatraz
82%
DRoseau es la capital de esta
nación caribeña
Dominica
81%
SLa isla italiana más grande del MediterráneoSicilia
81%
MUno de los cinco distritos de Nueva YorkManhattan
78%
P¿Algún día el 51º estado de EE.UU.?Puerto Rico
76%
FIsla de indonesia. Su nombre
significa "flowers" en inglés.
Flores
71%
RLa isla griega que albergó un colosoRodas
67%
JLa isla más poblada del mundoJava
58%
ZIsla frente a la costa de TanzaniaZanzíbar
56%
NUna de las dos islas principales
de Nueva Zelanda
Isla {Norte}
49%
ENapoleón fue desterrado en esta islaElba
43%
LIsla principal de FilipinasLuzón
43%
HIsla principal de JapónHonshu
41%
ILa Isla EsmeraldaIrlanda
41%
YIsla en la Bahía de San Francisco
cuyo nombre en inglés es "good herb"
Yerba Buena
40%
BDenpasar es su capitalBali
39%
ODónde está HonoluluOahu
38%
VLa isla más grande de la Columbia BritánicaVancouver
35%
KIsla en la que se encuentra NagasakiKyushu
24%
WLa más grande del Canal de la ManchaWight
18%
QLa isla más grande de IránQeshm
10%
ULa isla más poblada de SamoaUpolu
10%

Distribución de puntuación

Porcentaje por número respondido

Porcentaje de gente con cada puntuación

Historial de tus puntuaciones

No has intentado esta prueba.